000 00852cam a22002893a 4500
001 8804
003 PGUSA
005 20140828083205.0
008 050901s2005||||xxu|||||s|||||000 1 eng d
040 _aPGUSA
_beng
042 _adc
050 4 _aPQ
100 1 _aFlaubert, Gustave,
_d1821-1880
245 1 0 _aDrie Vertellingen
_h[electronic resource] /
_cGustave Flaubert
260 _bProject Gutenberg,
_c2005
500 _aTranslation of Trois Contes
506 _aPublic domain in the USA.
516 _aElectronic text
653 _aJulian, the Hospitaller, Saint -- Fiction
653 _aHerodias -- Fiction
653 _aFrench fiction -- 19th century
700 1 _aKoenen, Marie,
_d1879-1959
740 0 _aTrois Contes. Dutch
830 0 _aProject Gutenberg
_v8804
856 4 0 _uhttp://www.gutenberg.org/ebooks/8804
942 _cEB
999 _c238091
_d238091